Selectae e Veteri Testamento historiae : Ad usum eorum qui Latinae linguae rudimentis imbuuntur.

Bibliographic Details
Main Author: Heuzet, Jean, approximately 1660-1728
Other Authors: Hardie, James, 1758-1826 (Editor)
Format: eBook
Language:Latin
Published: Philadelphia : Excuderunt Prichard et Hall, vico vulgariter dicto Market Street, et J. James, vico Chesnut Street, M.DCC.LXXXVII. [1787]
Edition:Nova editio, prioribus multo emendatior.
Series:Early American imprints. Evans (1639-1800) ; no. 20226.
Subjects:
Online Access:Evans Digital Edition

MARC

Tag First Indicator Second Indicator Subfields
LEADER 00000cam a22000001a 4500
001 in00002153821
006 m e d #
007 cr mn mmmmabba
008 860211s1787 pau s 000 0 lat d
005 20260330215127.4
035 |z w000205 
035 |a MAAR8602113907B 
035 |9 mwa91-37562 
035 |a 338174 
035 |a aas03000205 
040 |a MWA  |c MWA  |e bdrb  |d UtOrBLW 
100 1 |a Heuzet, Jean,  |d approximately 1660-1728. 
245 1 0 |a Selectae e Veteri Testamento historiae :  |b Ad usum eorum qui Latinae linguae rudimentis imbuuntur. 
250 |a Nova editio, prioribus multo emendatior. 
264 1 |a Philadelphia :  |b Excuderunt Prichard et Hall, vico vulgariter dicto Market Street, et J. James, vico Chesnut Street,  |c M.DCC.LXXXVII. [1787] 
300 |a xi, 1 unnumbered page, 154 pages, 2 unnumbered pages ;  |c (duodecimo) 
336 |a text  |b txt  |2 rdacontent 
337 |a computer  |b c  |2 rdamedia 
338 |a online resource  |b cr  |2 rdacarrier 
500 |a Attributed to Jean Heuzet in the British Museum catalogue. Evans identifies James Hardie as editor. 
500 |a "Extract from Mons. Rollin."--p. iii-vi. 
500 |a Bookseller's advertisement, page [155]. 
510 4 |a Evans  |c 20226 
530 |a Microform version available in the Readex Early American Imprints series. 
533 |a Electronic text and image data.  |b [Chester, Vt. :  |c Readex, a division of Newsbank, Inc.,  |d 2002-2004.  |e Includes files in TIFF, GIF and PDF formats with inclusion of keyword searchable text.  |f (Early American imprints. First series ; no. 20226). 
500 |a Electronic resource. 
650 0 |a Latin language  |v Readers. 
650 0 |a Maxims. 
655 7 |a Booksellers' advertisements  |z Pennsylvania  |z Philadelphia.  |2 rbgenr 
655 7 |a Readers.  |2 rbgenr 
700 1 |a Hardie, James,  |d 1758-1826,  |e editor. 
730 0 |a Bible.  |p Old Testament.  |k Selections.  |l Latin.  |f 1795. 
752 |a United States  |b Pennsylvania  |d Philadelphia. 
830 0 |a Early American imprints.  |n Series I,  |p Evans (1639-1800) ;  |v no. 20226. 
856 4 1 |u http://proxy.library.tamu.edu/login?url=https://opac.newsbank.com/select/evans/20226  |y Evans Digital Edition  |t 0 
999 |a MARS 
999 f f |s 29fca049-2648-326f-b02d-cfd26e11324f  |i 4f698aea-0b70-35ae-8527-82ec66766c4b  |t 0 
952 f f |a Texas A&M University  |b College Station  |c Electronic Resources  |s www_evans  |d Available Online  |t 0  |h No information provided 
998 f f |t 0  |l Available Online